JVC DR-MH300

Bibliographic Details
Main Author: Bezák, Branislav (Author)
Format: Article
Language:Slovak
Subjects:

MARC

LEADER 00000nab a2200000 ar4500
001 vtls008999078
003 SK-MaSNL
005 20260303064816.0
008 070614c2006 xo |||||||||||000 b|slo
015 |a SNBRB2007/06  |2 snkbucl 
038 |a SNKBUCL 
040 |a SNKBUCL  |b slo  |c SNKBUCL  |e AACR2 
041 0 |a slo 
044 |a xo  |c SK 
080 |a 621.397.452  |2 2001 
100 1 |a Bezák, Branislav  |4 aut  |9 1055927 
245 1 0 |a JVC DR-MH300  |c Branislav Bezák 
300 |b Fotogr., tab. 
650 0 7 |a JVC DR-MH300 (DVD rekordér)  |2 snkbucl  |9 1064000 
650 0 7 |a DVD prehrávače  |2 snkbucl  |9 70244 
773 0 |t DiGi revue  |g Roč. 2, č. 6 (2006), s. 34  |x 1336-5754 
852 |a SNK  |b KIS3GCP 
999 |c 1748607  |d 1750537